00655nam a2200193Ia 4500008004100000020001800041082001500059100001700074245004900091250000700140260006600147300002300213500001900236600003300255650001600288942000700304952013300311999001700444240925s9999 xx 000 0 und d a9788123918426 a519.57 AGA aAgarwal, B L 0aTherory and Analysis of Experimental Designs aNA aNew Delhi:bCBS Publishers and Distributors Pvt. Ltd.c,2011. a289p.b0fOriginal aIncludes Index aHumanities & Natural Science aMathematics cBK 001040708HUMaUITUbUITUd2019-01-17eAllied Book Companyg572.00l0o519.57 AGApQ13605r2024-09-25 07:16:55w2024-09-25yBK c16104d16104